| 000 | 00776nam a2200229 u 4500 | ||
|---|---|---|---|
| 005 | 20240210063629.0 | ||
| 008 | 101207s2010 mx r 000 0 spa d | ||
| 020 | _a9786073202039 | ||
| 035 | _aUPN01000178900 | ||
| 049 | _aCG | ||
| 050 | 4 |
_aHF5549.2 U5 _bM6.2 2010 |
|
| 100 | 1 |
_aMondy, Robert Wayne, _d1940- _930978 |
|
| 245 | 1 | 0 |
_aAdministración de recursos humanos / _cR. Wayne Mondy ; colab. Judy Bandy Mondy ; tr. Jaime Gómez-Mont Araiza. |
| 250 | _a11a ed. | ||
| 260 |
_aMéxico : _bPearson, _c2010. |
||
| 300 |
_a491 p. : _bil. |
||
| 534 |
_pTítulo original : _tHuman resource management |
||
| 650 | 4 |
_aAdministración de personal _zEstados Unidos _96355 |
|
| 650 | 2 |
_aAdministración de personal _9487 |
|
| 700 | 1 |
_aMondy, Judy Bandy, _ecolab. |
|
| 905 | _aLibro | ||
| 999 |
_c151003 _d151003 |
||